| 000 | 00682cam a22002173a 4500 | ||
|---|---|---|---|
| 001 | 41921 | ||
| 003 | PGUSA | ||
| 005 | 20140828083939.0 | ||
| 008 | 130126s2013||||xxu|||||s|||||000 | eng d | ||
| 040 |
_aPGUSA _beng |
||
| 042 | _adc | ||
| 100 | 1 |
_aLe Gallienne, Richard, _d1866-1947 |
|
| 245 | 1 | 4 |
_aThe Maker of Rainbows : _bAnd other Fairy-tales and Fables _h[electronic resource] / _cRichard Le Gallienne |
| 260 |
_bProject Gutenberg, _c2013 |
||
| 506 | _aPublic domain in the USA. | ||
| 516 | _aElectronic text | ||
| 700 | 1 |
_aElliott, Elizabeth Shippen Green, _d1871-1954 |
|
| 830 | 0 |
_aProject Gutenberg _v41921 |
|
| 856 | 4 | 0 | _uhttp://www.gutenberg.org/ebooks/41921 |
| 942 | _cEB | ||
| 999 |
_c271173 _d271173 |
||